000 00489 a2200181 4500
005 20250417094204.0
008 250405b |||||||| |||| 00| 0 eng d
020 _a9781529740776
041 _aeng
082 _a658.3124 GAR
100 _aGarvey, Bob
245 _aCoaching and Mentoring: Theory and Practice
250 _a4th
260 _aLondon
_bSage Publication
_c2022
300 _axxiv, 373 pages : 25 cm
650 _aMentoring in Business; Employees Coaching
942 _cBK
999 _c43592
_d43592